Nivel inicial : aportes para una didáctica /

Guardado en:
Autor Principal: Harf, Ruth
Otros Autores: Pastorino, Elvira, Sarlé, Patricia, Spinelli, Alicia, Violante, Rosa, Windler, Rosa
Formato: Libro
Publicado: Buenos Aires : El Ateneo, 1997
Series:Nuevos Aires en Educación
Materias:
Etiquetas: Agregar Etiqueta
Sin Etiquetas, Sea el primero en etiquetar este registro!
LEADER 01436nam a22003255a 4500
001 CEM.cems009610
005 20080821124322.0
008 130507s1997##################000#0#####d
003 CEMS
020 |a 9500258153 
082 0 4 |a 372.21 
100 1 |a Harf, Ruth 
245 1 0 |a Nivel inicial :  |b aportes para una didáctica /  |c Ruth Harf ... [et Al.] 
260 |a Buenos Aires :  |b El Ateneo,  |c 1997 
300 |a 195 p. 
490 0 |a Nuevos Aires en Educación 
500 |a Red Federal de Formación Docente Continua 
505 0 |a Caracterización actual del Nivel inicial -- Dimensión política, social, cultural del nivel inicial -- Raíces, tradiciones y mitos en el nivel inicial. Dimensión historiográfico-pedagógica -- Aproximación a la comprensión de la didáctica en el nivel inicial -- Dimensión didáctica de las teorías del aprendizaje -- La situación de enseñanza -- Propuesta lúdica en el contexto escolar 
653 |a Educación 
653 |a Didáctica 
653 |a Nivel inicial-didáctica 
653 |a Didáctica en el nivel inicial 
700 1 |a Pastorino, Elvira 
700 1 |a Sarlé, Patricia 
700 1 |a Spinelli, Alicia 
700 1 |a Violante, Rosa 
700 1 |a Windler, Rosa 
859 |a CEMS  |b BIB. CEMS - 11 de abril  |h 372.21  |i H222  |p 19470.98  |t Ej.1 
859 |a CEMS  |b BIB. CEMS - 11 de abril  |h 372.21  |i H222  |p 19471.98  |t Ej.2 
859 |a CEMS  |b BIB. CEMS - 11 de abril  |h 372.21  |i H222  |p 20832.00  |t Ej.3